000 00579nam a2200193Ia 4500
003 GCL
008 140319s9999 xx 000 0 ara d
040 _aGCL /
_cGCL
082 0 4 _a923.2
_bن ج
100 1 _aنهرو جواهر لال
245 1 0 _aجواهر لال نهرو /
_cنهرو جواهر لال
700 1 _aمحمد بدران
300 _a277 ص
490 _a100 قصة
_v0
650 0 4 _aالتراجم الذاتية
650 0 4 _aنهرو, جواهر لال
650 0 4 _aالهند - تاريخ - الاحتلال البريطانى
942 _2ddc
_cBK
999 _c45689
_d45689